000
00296nam a2200121 a 4500
008
101026s1989|||| d
100
1
_a
Martini Carlos, Juan
245
1
0
_a
Nedokonalý prízrak na letisku
260
_b
Tatran
_a
Bratislava
_c
1989
020
_c
27
041
_a
slo
044
_a
xo
_c
SK
999
_c
12275
_d
12275